Normal view MARC view

Entry Personal Name

Number of records used in: 2

001 - CONTROL NUMBER

  • control field: 43480

003 - CONTROL NUMBER IDENTIFIER

  • control field: dpl

005 - DATE AND TIME OF LATEST TRANSACTION

  • control field: 20120305172100.0

008 - FIXED-LENGTH DATA ELEMENTS

  • fixed length control field: 120305|||a|||||| | ||| d

040 ## - CATALOGING SOURCE

  • Original cataloging agency: dpl
  • Transcribing agency: dpl

100 ## - HEADING--PERSONAL NAME

  • Personal name: गोस्वामी,अमर

670 ## - SOURCE DATA FOUND

  • Source citation: Work cat.: (dpl)50475: गोस्वामी,अमर, नन्हे मेढक की सैर, 2010

670 ## - SOURCE DATA FOUND

  • Source citation: Work cat.: (dpl)50475: गोस्वामी,अमर, नन्हे मेढक की सैर, 2010

© Delhi Public Library
Hit Counter
free hit counter